<?xml version="1.0" encoding="UTF-8"?>
<record
    xmlns:xsi="http://www.w3.org/2001/XMLSchema-instance"
    xsi:schemaLocation="http://www.loc.gov/MARC21/slim http://www.loc.gov/standards/marcxml/schema/MARC21slim.xsd"
    xmlns="http://www.loc.gov/MARC21/slim">

  <leader>02378nam a2200217 u 4500</leader>
  <controlfield tag="001">37641</controlfield>
  <controlfield tag="005">20260504075201.0</controlfield>
  <controlfield tag="008">960313s1972                        spa  </controlfield>
  <datafield tag="035" ind1=" " ind2=" ">
    <subfield code="a">37641</subfield>
  </datafield>
  <datafield tag="035" ind1=" " ind2=" ">
    <subfield code="a">(OCoLC)778086217</subfield>
  </datafield>
  <datafield tag="040" ind1=" " ind2=" ">
    <subfield code="c">comduadb</subfield>
  </datafield>
  <datafield tag="041" ind1=" " ind2=" ">
    <subfield code="a">spa</subfield>
  </datafield>
  <datafield tag="082" ind1=" " ind2="4">
    <subfield code="a">843</subfield>
  </datafield>
  <datafield tag="100" ind1="1" ind2="0">
    <subfield code="a">Verne, Julio,</subfield>
    <subfield code="d">1828-1905</subfield>
    <subfield code="4">aut</subfield>
    <subfield code="e">aut</subfield>
    <subfield code="9">244281</subfield>
  </datafield>
  <datafield tag="245" ind1="1" ind2="0">
    <subfield code="a">Aventuras del capitan hatteras</subfield>
  </datafield>
  <datafield tag="250" ind1=" " ind2=" ">
    <subfield code="a">1. edici&#xF3;n</subfield>
  </datafield>
  <datafield tag="260" ind1=" " ind2=" ">
    <subfield code="a">Barcelona :</subfield>
    <subfield code="b">Ramon Sopena,</subfield>
    <subfield code="c">1972.</subfield>
  </datafield>
  <datafield tag="300" ind1=" " ind2=" ">
    <subfield code="a">462 p&#xE1;ginas.</subfield>
  </datafield>
  <datafield tag="520" ind1="3" ind2=" ">
    <subfield code="a">RESUMEN : "Narra la historia del capit&#xE1;n ingl&#xE9;s Hatteras, que embarca a un grupo de valientes en el Avante, un avanzado barco de vela y vapor construido especialmente para la expedici&#xF3;n, con el objetivo de ser los primeros en llegar a las tierras ignotas del Polo Norte. Richard Shandon y el doctor Clawbonny son invitados a embarcarse en el Avante, una nave muy fuerte que zarpar&#xE1; con rumbo al norte pero sin saber su destino final. La tripulaci&#xF3;n escogida es excelente, pero no se revela el nombre del capit&#xE1;n.
Despu&#xE9;s de semanas de navegaci&#xF3;n, la tripulaci&#xF3;n empieza a batallar y decide volver. Entonces se descubre que uno de los marineros es el capit&#xE1;n John Hatteras, que les infunde nuevo br&#xED;o, y prosiguen su camino. Sin embargo, cuando se revela el verdadero destino del barco, el Polo Norte, las cosas empeoran y Shandon termina amotin&#xE1;ndose junto a otros marinos. Sin embargo, Hatteras, el Dr. Clawbonny, Johnson, Bell y otros siguen fieles y prosiguen a pesar de la huida de los amotinados (que posteriormente ser&#xE1;n encontrados muertos, en el cap&#xED;tulo XXVI y pen&#xFA;ltimo de la segunda parte de la obra) y de la destrucci&#xF3;n del Avante; construyen un peque&#xF1;o bote con los restos del barco. A ellos se une Altamont, capit&#xE1;n estadounidense que busca el paso del norte. Finalmente, tras dos invernadas e innumerables sufrimientos, llegan al Polo Norte, y encuentran all&#xED; un mar de hielo. Tambi&#xE9;n all&#xED;, para sorpresa de todos, encuentran un volc&#xE1;n. Empecinado, Hatteras lo escala, seguido por los sobrevivientes. Al llegar a la cima, Hatteras pierde la raz&#xF3;n e intenta lanzarse al interior del volc&#xE1;n, pero es detenido por su tripulaci&#xF3;n. En el ep&#xED;logo, Clawbonny, uno de los personajes, visita en un asilo a Hatteras, que est&#xE1; completamente desquiciado y a menudo, siempre que puede, camina "en direcci&#xF3;n al Polo"."</subfield>
  </datafield>
  <datafield tag="942" ind1=" " ind2=" ">
    <subfield code="c">BOOK</subfield>
  </datafield>
  <datafield tag="999" ind1=" " ind2=" ">
    <subfield code="c">46694</subfield>
    <subfield code="d">46694</subfield>
  </datafield>
  <datafield tag="952" ind1=" " ind2=" ">
    <subfield code="0">0</subfield>
    <subfield code="1">0</subfield>
    <subfield code="2">ddc</subfield>
    <subfield code="4">0</subfield>
    <subfield code="7">0</subfield>
    <subfield code="8">COLIT</subfield>
    <subfield code="a">BC</subfield>
    <subfield code="b">BC</subfield>
    <subfield code="d">1999-09-30</subfield>
    <subfield code="i">C63912</subfield>
    <subfield code="l">2</subfield>
    <subfield code="o">843 V531av</subfield>
    <subfield code="p">61000003894488</subfield>
    <subfield code="r">2026-03-02 14:51:00</subfield>
    <subfield code="s">2025-08-29</subfield>
    <subfield code="t">1</subfield>
    <subfield code="w">2023-04-21</subfield>
    <subfield code="y">BOOK</subfield>
  </datafield>
</record>
